Inventor secondary business studies : (Record no. 12260)

MARC details
000 -LEADER
fixed length control field 01023cam a22002772 4500
001 - CONTROL NUMBER
control field 0000025080
005 - DATE AND TIME OF LATEST TRANSACTION
control field 20151217155237.0
008 - FIXED-LENGTH DATA ELEMENTS--GENERAL INFORMATION
fixed length control field 141114s xx 000 0 eng d
020 ## - INTERNATIONAL STANDARD BOOK NUMBER
International Standard Book Number 978996448705 :
040 ## - CATALOGING SOURCE
Original cataloging agency KABU
Transcribing agency KABU
100 1# - MAIN ENTRY--PERSONAL NAME
Personal name Nyaga, Michael K.
-- 0000185497
245 10 - TITLE STATEMENT
Title Inventor secondary business studies :
Remainder of title students' book.
246 3# - VARYING FORM OF TITLE
Title proper/short title Business studies
260 ## - PUBLICATION, DISTRIBUTION, ETC. (IMPRINT)
Place of publication, distribution, etc. Nairobi :
Name of publisher, distributor, etc. KLB,
Date of publication, distribution, etc. 2009.
300 ## - PHYSICAL DESCRIPTION
Extent 7 vols (various pagings).
650 #0 - SUBJECT ADDED ENTRY--TOPICAL TERM
Topical term or geographic name as entry element Business.
-- 0000149956
700 1# - ADDED ENTRY--PERSONAL NAME
Personal name Mungiria, Michael K.M.
-- 0000185498
852 1# - LOCATION
-- p522 KES
852 1# - LOCATION
-- p580 KES
852 1# - LOCATION
-- p522 KES
852 1# - LOCATION
-- p522 KES
852 1# - LOCATION
-- p522 KES
852 1# - LOCATION
-- p522 KES
908 ## - PUT COMMAND PARAMETER (RLIN)
Put command parameter 141114
950 ## - LOCAL HOLDINGS (RLIN)
-- 1
Holdings
Withdrawn status Lost status Source of classification or shelving scheme Not for loan Home library Current library Date acquired Total Checkouts Total Renewals Full call number Barcode Date last seen Date last checked out Price effective from Koha item type Cost, normal purchase price Copy number Shelving location Inventory number
    Library of Congress Classification   Kabarak, Main Campus Kabarak, Main Campus 17/12/2015 66 2 HF1008 .N93 2009 Bk3 c.2 016639 14/06/2019 31/07/2018 17/12/2015 Reserve Collection        
    Library of Congress Classification   Kabarak, Main Campus Kabarak, Main Campus 17/12/2015 108 3 HF1008 .N93 2009 Bk4 c.2 016638 10/11/2022 10/11/2022 17/12/2015 Reserve Collection 580.00      
    Library of Congress Classification   Kabarak, Main Campus Kabarak, Main Campus 17/12/2015 50 3 HF1008 .N93 2009 Bk3 c.1 016637 14/01/2019 13/09/2018 17/12/2015 Reserve Collection        
    Library of Congress Classification   Kabarak, Main Campus Kabarak, Main Campus 17/12/2015 54 1 HF1008 .N93 2008 Bk1 c.2 016641 12/03/2024 28/07/2023 17/12/2015 Reserve Collection        
    Library of Congress Classification   Kabarak, Main Campus Kabarak, Main Campus 17/12/2015 177 10 HF1008 .N93 2008 Bk2 c.1 023205 11/04/2024 09/04/2024 17/12/2015 Thesis, Dissertation and Projecs   c. 1    
    Library of Congress Classification   Kabarak, Main Campus Kabarak, Main Campus 17/12/2015 57 1 HF1008 .N93 2008 Bk1 c.1 016635 12/08/2024 07/08/2024 17/12/2015 Reserve Collection        
    Library of Congress Classification   Kabarak, Main Campus Kabarak, Main Campus 10/02/2016 160 6 HF1008 .N93 2011 Bk4 c. 1 026432 04/04/2022 04/04/2022 10/02/2016 Reserve Collection 580.00 c. 1    
    Library of Congress Classification   Kabarak, Main Campus Kabarak, Main Campus 03/10/2017 153 1 HF1008 .N93 2009 Bk3 c.3 027669 22/02/2024 22/02/2024 03/10/2017 Inter-Library Loans 649.00 c.3 Reserve Collection 2017/0312
    Library of Congress Classification   Kabarak, Main Campus Kabarak, Main Campus 03/10/2017 120 5 HF1008 .N93 2008 Bk2 c.2 027671 07/04/2021 25/01/2021 03/10/2017 General Collection 550.00 c.1 Reserve Collection 2017/0315
    Library of Congress Classification   Kabarak, Main Campus Kabarak, Main Campus 03/10/2017 108 1 HF1008 .N93 2011 Bk4 c.3 027670 03/04/2025 03/04/2025 03/10/2017 Reserve Collection 700.00 c.3 Reserve Collection 2017/0314
    Library of Congress Classification   Kabarak, Main Campus Kabarak, Main Campus 03/10/2017 46 1 HF1008 .N93 2008 Bk1 c.3 027673 11/01/2025 26/11/2024 03/10/2017 Reserve Collection 480.00 c.3 Reserve Collection 2017/0313
Designed with assistance from East African Informatics Ltd